| 000 | 00384nam a2200145 a 4500 | ||
|---|---|---|---|
| 005 | 20140414132054.0 | ||
| 008 | 060131s19uu xx 00 eng d | ||
| 020 | _a | ||
| 050 |
_aM 808.882 _bC13 1990 |
||
| 100 | _aCalmenson, Stephanie | ||
| 245 |
_a101 Funny bunny jokes / _cCalmenson, Stephanie. |
||
| 260 |
_aNew York : _bScholastic, _c1990. |
||
| 650 | _aJokes | ||
| 999 |
_c114253 _d114253 |
||